Is the Phillips Curve Really a Curve? Some Evidence for Canada, the United Kingdom, and the United States

Na minha lista:
Detalhes bibliográficos
Autor principal: Debelle, Guy
Outros Autores: Laxton, Douglas
Formato: Livro
Idioma:inglês
Publicado em: Washington International Monetary Fund 1996
Edição:1. ed.
Colecção:IMF Working Paper 111
Assuntos:
Tags: Adicionar Tag
Sem tags, seja o primeiro a adicionar uma tag!

MARC

LEADER 00000nam a2200000 4500
001 c017503
005 20221205125339.4
041 0 |a eng 
044 |a US 
245 1 0 |a Is the Phillips Curve Really a Curve?  |b Some Evidence for Canada, the United Kingdom, and the United States  |c Guy Debelle, Douglas Laxton 
250 |a 1. ed. 
264 1 |a Washington  |b International Monetary Fund  |c 1996 
300 |a 38 s. 
490 1 |a IMF Working Paper  |v 111 
830 0 |a IMF Working Paper  |v 111 
610 2 0 |a modely lineárne 
610 2 0 |a modely nelineárne 
610 2 0 |a parametre ekonomické 
610 2 0 |a parametre technicko-ekonomické 
610 2 0 |a modely výroby 
610 2 0 |a inflácia 
610 2 0 |a nezamestnanosť 
610 2 0 |a Phillips 
610 2 0 |a Kanada 
610 2 0 |a USA 
610 2 0 |a Veľká Británia 
100 1 |a Debelle, Guy 
700 1 |a Laxton, Douglas